000 00473nam a22001817a 4500
003 MPLRDC
005 20220104143724.0
008 210129b ||||| |||| 00| 0 eng d
020 _a962-04-2704-6
082 _a783.868 GSW c. 2
100 _a甘尚武
245 _a世纪巨变 九十回顾
_c
250 _a一版一刷
260 _a香港
_b三联书店(香港)有限公司
_c2007
300 _b314
650 _a马来西亚传记
942 _cBK
_o783.868 GSW c. 2
999 _c42704
_d42694